000 00503nam a2200181Ia 4500
005 20250508163708.0
008 008 250505s9999 xx 000 0 hin d
037 _aTextual
040 _aFEDL
_beng
_cFEDL
041 _ahin
_2eng
084 _a491.43, CHO
_qFEDL
100 _aChaudhary Tejpal
_9414598
245 0 _aKhadiboli ka vyakarnik vishleshan
260 _aKanpur, India
_bVikas Prakashan
_c1990
300 _a288p
942 _cTEXL
_h491.43, CHO
999 _c1384758
_d1384758